000 02847nam a2200277 a 4500
999 _c10528
_d10528
001 10528
003 BD-JhCC
005 20180430191947.0
008 180430s1969 nbu |||| |||| 000 0 eng d
020 _a0822005697
035 _a(BD-JhCC)10528
040 _aBD-JhCC
_dBD-JhCC
041 _aeng
082 _a823.5
_bSOE 1969
100 _aSoens, A. L.
_q(Adolph L.)
245 _aGulliver's travels, notes; including life of Swift ... /
_c A. L. Soens, James L. Roberts,
260 _aUSA :
_bCliff's notes,
_c1969
300 _a85 p. :
_c21 cm.
504 _aIncludes bibliography
520 _aCliffs Test Preparation Guides help students prepare for and improve their performance on standardized tests ACT Preparation Guide CBEST Preparation Guide CLAST Preparation Guide ELM Review GMAT Preparation Guide GRE Preparation Guide LSAT Preparation Guide MAT Preparation Guide MATH Review for Standardized Tests MSAT Preparation Guide Memory Power for Exams Police Officer Examination Preparation Guide Police Sergeant Examination Preparation Guide Police Management Examinations Preparation Guide Postal Examinations Preparation Guide Praxis I: PPST Preparation Guide Praxis II: NTE Core Battery Preparation Guide SAT Preparation Guide SAT II Writing Preparation Guide TASP Preparation Guide TOEFL Preparation Guide with 2 cassettes Advanced Practice for the TOEFL with 2 cassettes Verbal Review for Standardized Tests Writing Proficiency Examinations You Can Pass the GED Cliffs Quick Reviews help students in introductory college courses or Advanced Placement classes Algebra I Algebra II Anatomy & Physiology Basic Math and Pre-Algebra Biology Calculus Chemistry Differential Equations Economics Geometry Linear Algebra Microbiology Physics Statistics Trigonometry Cliffs Advanced Placement Preparation Guides help high school students taking Advanced Placement courses to earn college credit AP Biology AP Calculus AB AP Chemistry AP English Language & Composition AP English Literature & Composition AP United States History Cliffs Complete Study Editions are comprehensive study guides with complete text, running commentary and glossary Chaucer's Prologue Chaucer's Wife of Bath Hamlet Julius Caesar King Henry IV, Part I King Lear Macbeth The Merchant of Venice Othello Romeo and Juliet The Tempest Twelfth Night See inside back cover for listing of Cliffs Notes titles Registered trademarks include: GRE, MSAT, the Praxis Series, and TOEFL (Educational Testing Service): AP, Advanced Placement Program, and SAT (College Entrance Examination Board); GMAT (Graduate Management Admission Council); and LSAT (Law School Admission Council.) Gulliver's Travels
650 _aGulliver's travels (Swift, Jonathan)
650 _aEnglish literature
650 _aAdventure stories
700 _aRoberts, James L.
942 _2ddc
_cBK